| 000 | 00444nam a2200193Ia 4500 | ||
|---|---|---|---|
| 005 | 20250603144417.0 | ||
| 008 | 250603s9999 xx 000 0 und d | ||
| 020 | _a9781292039961 | ||
| 050 | _aHF 5549 .D43788/ | ||
| 100 | _aDessler, Gary | ||
| 245 | 2 | _aA framework for human resource management | |
| 250 | _a7th ed. | ||
| 260 | _aBoston | ||
| 260 | _bPearson | ||
| 260 | _c2014 | ||
| 300 | _a390 p | ||
| 650 | _aBoston | ||
| 942 | _cBK | ||
| 999 |
_c38838 _d38838 |
||